| 000 | 00442nam a2200169Ia 4500 | ||
|---|---|---|---|
| 003 | SGT | ||
| 020 | _a8176844799 | ||
| 082 |
_a621.81 _bMAL |
||
| 100 | _aMalhotra D.R | ||
| 245 | _aKinematics of machines | ||
| 260 |
_bSatya Publication _aNew Delhi _c2010 |
||
| 300 | _aV.p. | ||
| 650 | _aMECHANICAL ENGINEERING | ||
| 653 | _aKINEMATIC ANALYSIS MECHANISMS,ANALYSIS OF VELOCITY AND ACCELERATION | ||
| 700 | _aMalhotra N.K | ||
| 942 |
_2ddc _cBK |
||
| 999 |
_c5698 _d5698 |
||